[Event "European Individual Chess Championship 2017"]
[Site "?"]
[Date "2017.06.09"]
[Round "10.65"]
[White "Banusz, Tamas"]
[Black "Goryachkina, Aleksandra"]
[Result "1/2-1/2"]
[BlackElo "2470"]
[WhiteElo "2616"]
[LiveChessVersion "1.4.8"]

1. Nf3 {[%clk 1:24:37]} d5 {[%clk 1:30:53]} 2. d4 {[%clk 1:25:01]} Nf6
{[%clk 1:31:16]} 3. c4 {[%clk 1:25:24]} c6 {[%clk 1:31:43]} 4. e3
{[%clk 1:25:49]} Bf5 {[%clk 1:31:31]} 5. Nc3 {[%clk 1:26:12]} e6 {[%clk 1:31:55]}
6. Nh4 {[%clk 1:26:35]} Bg6 {[%clk 1:31:44]} 7. Nxg6 {[%clk 1:26:59]} hxg6
{[%clk 1:32:08]} 8. Rb1 {[%clk 1:27:25]} Nbd7 {[%clk 1:30:26]} 9. c5
{[%clk 1:27:25]} e5 {[%clk 1:25:38]} 10. b4 {[%clk 1:26:10]} Be7 {[%clk 1:21:56]}
11. g3 {[%clk 1:24:20]} e4 {[%clk 1:21:02]} 12. b5 {[%clk 1:22:45]} Qc7
{[%clk 1:16:43]} 13. Qa4 {[%clk 1:19:44]} O-O {[%clk 1:11:29]} 14. Be2
{[%clk 1:10:53]} Rfe8 {[%clk 1:10:56]} 15. Bd2 {[%clk 1:09:43]} Nf8
{[%clk 1:09:55]} 16. bxc6 {[%clk 1:09:36]} bxc6 {[%clk 1:10:11]} 17. Kd1
{[%clk 1:06:11]} Ne6 {[%clk 1:09:03]} 18. Qa6 {[%clk 1:04:22]} Reb8
{[%clk 1:05:38]} 19. Kc2 {[%clk 1:03:51]} Nd7 {[%clk 1:02:41]} 20. Rxb8+
{[%clk 0:54:57]} Rxb8 {[%clk 1:01:17]} 21. Rb1 {[%clk 0:53:17]} Bd8
{[%clk 0:56:34]} 22. Rxb8 {[%clk 0:52:03]} Nxb8 {[%clk 0:56:44]} 23. Qa4
{[%clk 0:52:27]} Qb7 {[%clk 0:48:44]} 24. a3 {[%clk 0:49:33]} Kf8
{[%clk 0:44:31]} 25. Na2 {[%clk 0:49:09]} f5 {[%clk 0:42:03]} 26. h4
{[%clk 0:47:38]} Bc7 {[%clk 0:39:10]} 27. Nb4 {[%clk 0:47:37]} Kf7
{[%clk 0:36:14]} 28. Na6 {[%clk 0:41:53]} Nxa6 {[%clk 0:34:38]} 29. Bxa6
{[%clk 0:42:17]} Qa8 {[%clk 0:34:22]} 30. Qb3 {[%clk 0:42:08]} Nd8
{[%clk 0:33:23]} 31. Qb1 {[%clk 0:42:28]} Ke7 {[%clk 0:30:31]} 32. g4
{[%clk 0:39:13]} Qb8 {[%clk 0:26:51]} 33. Qg1 {[%clk 0:36:18]} f4
{[%clk 0:24:49]} 34. f3 {[%clk 0:32:42]} exf3 {[%clk 0:23:51]} 35. Qf2
{[%clk 0:31:42]} fxe3 {[%clk 0:22:06]} 36. Bxe3 {[%clk 0:26:46]} Bf4
{[%clk 0:21:51]} 37. Qxf3 {[%clk 0:24:23]} Bxe3 {[%clk 0:20:49]} 38. Qxe3+
{[%clk 0:24:52]} Ne6 {[%clk 0:21:07]} 39. Kc3 {[%clk 0:21:10]} Qc7
{[%clk 0:12:36]} 40. Bd3 {[%clk 0:50:15]} Qa5+ {[%clk 0:40:24]} 41. Kb3
{[%clk 0:50:03]} Qc7 {[%clk 0:32:36]} 42. Bf5 {[%clk 0:41:50]} gxf5
{[%clk 0:29:13]} 43. gxf5 {[%clk 0:42:14]} Qb7+ {[%clk 0:28:32]} 44. Kc3
{[%clk 0:42:34]} Qd7 {[%clk 0:27:45]} 45. a4 {[%clk 0:39:34]} Kf7
{[%clk 0:26:09]} 46. fxe6+ {[%clk 0:39:56]} Qxe6 {[%clk 0:26:35]} 47. Qf4+
{[%clk 0:40:05]} Kg8 {[%clk 0:25:06]} 48. Qb8+ {[%clk 0:36:09]} Kh7
{[%clk 0:24:57]} 49. Qb1+ {[%clk 0:36:28]} Qg6 {[%clk 0:22:15]} 50. Qe1
{[%clk 0:36:28]} a5 {[%clk 0:21:47]} 51. Kb2 {[%clk 0:34:10]} 1/2-1/2

[Event "European Individual Chess Championship 2017"]
[Site "?"]
[Date "2017.06.09"]
[Round "10.66"]
[White "Mista, Aleksander"]
[Black "Iljiushenok, Ilia"]
[Result "1-0"]
[BlackElo "2489"]
[WhiteElo "2606"]
[LiveChessVersion "1.4.8"]

1. e4 {[%clk 1:30:57]} c5 {[%clk 1:30:41]} 2. Nf3 {[%clk 1:31:23]} e6
{[%clk 1:30:57]} 3. d4 {[%clk 1:31:48]} cxd4 {[%clk 1:31:20]} 4. Nxd4
{[%clk 1:32:15]} Nc6 {[%clk 1:31:39]} 5. Nc3 {[%clk 1:32:40]} Qc7
{[%clk 1:31:57]} 6. Be2 {[%clk 1:33:06]} a6 {[%clk 1:32:18]} 7. O-O
{[%clk 1:33:31]} Bc5 {[%clk 1:32:26]} 8. Be3 {[%clk 1:33:03]} d6 {[%clk 1:32:32]}
9. Qd2 {[%clk 1:31:05]} Nf6 {[%clk 1:32:47]} 10. Rad1 {[%clk 1:30:31]} Bd7
{[%clk 1:32:53]} 11. Nb3 {[%clk 1:21:51]} Bxe3 {[%clk 1:32:54]} 12. Qxe3
{[%clk 1:21:19]} O-O {[%clk 1:32:19]} 13. Qg3 {[%clk 1:17:33]} Ne5
{[%clk 1:27:33]} 14. f4 {[%clk 1:13:23]} Ng6 {[%clk 1:26:04]} 15. Qd3
{[%clk 1:08:27]} Bb5 {[%clk 1:00:14]} 16. Nxb5 {[%clk 1:01:05]} axb5
{[%clk 1:00:40]} 17. a3 {[%clk 1:01:24]} Ra4 {[%clk 0:59:53]} 18. f5
{[%clk 0:54:39]} Ne5 {[%clk 0:52:31]} 19. Qxd6 {[%clk 0:54:11]} Qxc2
{[%clk 0:52:54]} 20. Nd4 {[%clk 0:43:24]} Qxe4 {[%clk 0:52:53]} 21. fxe6
{[%clk 0:41:53]} Ra6 {[%clk 0:38:00]} 22. Qe7 {[%clk 0:37:19]} Raa8
{[%clk 0:21:45]} 23. Bxb5 {[%clk 0:30:52]} Qe3+ {[%clk 0:19:17]} 24. Kh1
{[%clk 0:31:17]} Neg4 {[%clk 0:12:11]} 25. Nf5 {[%clk 0:25:21]} Qxe6
{[%clk 0:09:11]} 26. h3 {[%clk 0:22:58]} Qb6 {[%clk 0:09:16]} 27. Qe2
{[%clk 0:19:52]} Nh6 {[%clk 0:03:43]} 28. Nxh6+ {[%clk 0:20:03]} gxh6
{[%clk 0:04:08]} 29. Qe5 {[%clk 0:20:19]} Ne8 {[%clk 0:03:41]} 30. Rf3
{[%clk 0:18:44]} 1-0

[Event "European Individual Chess Championship 2017"]
[Site "?"]
[Date "2017.06.09"]
[Round "10.67"]
[White "Lomasov, Semen"]
[Black "Vocaturo, Daniele"]
[Result "0-1"]
[BlackElo "2604"]
[WhiteElo "2493"]
[LiveChessVersion "1.4.8"]

1. e4 {[%clk 1:30:57]} e5 {[%clk 1:30:29]} 2. Nf3 {[%clk 1:31:13]} Nc6
{[%clk 1:30:50]} 3. Bb5 {[%clk 1:31:37]} a6 {[%clk 1:30:47]} 4. Ba4
{[%clk 1:32:00]} Nf6 {[%clk 1:31:06]} 5. O-O {[%clk 1:32:23]} Nxe4
{[%clk 1:31:03]} 6. d4 {[%clk 1:32:35]} b5 {[%clk 1:31:22]} 7. Bb3
{[%clk 1:32:56]} d5 {[%clk 1:31:41]} 8. dxe5 {[%clk 1:32:59]} Be6
{[%clk 1:31:54]} 9. Nbd2 {[%clk 1:33:03]} Nc5 {[%clk 1:30:44]} 10. c3
{[%clk 1:33:10]} Bg4 {[%clk 1:30:24]} 11. Bc2 {[%clk 1:22:23]} Ne6
{[%clk 1:29:50]} 12. Re1 {[%clk 1:22:16]} Bc5 {[%clk 1:30:04]} 13. Nf1
{[%clk 1:19:08]} Ne7 {[%clk 1:26:06]} 14. Be3 {[%clk 1:01:22]} Bxe3
{[%clk 1:19:12]} 15. Nxe3 {[%clk 0:45:09]} Bh5 {[%clk 1:18:07]} 16. Nf5
{[%clk 0:42:36]} Nxf5 {[%clk 0:59:42]} 17. Bxf5 {[%clk 0:41:44]} O-O
{[%clk 0:58:39]} 18. g4 {[%clk 0:33:55]} Bg6 {[%clk 0:58:24]} 19. Qd2
{[%clk 0:34:08]} c6 {[%clk 0:47:02]} 20. h4 {[%clk 0:34:05]} h5 {[%clk 0:46:26]}
21. Ng5 {[%clk 0:25:53]} hxg4 {[%clk 0:40:19]} 22. Bxg4 {[%clk 0:18:38]} Nc5
{[%clk 0:38:14]} 23. h5 {[%clk 0:18:42]} Ne4 {[%clk 0:36:43]} 24. Nxe4
{[%clk 0:18:02]} Bxe4 {[%clk 0:37:01]} 25. f3 {[%clk 0:18:25]} Bh7
{[%clk 0:30:22]} 26. h6 {[%clk 0:11:33]} f5 {[%clk 0:20:40]} 27. exf6
{[%clk 0:08:34]} Rxf6 {[%clk 0:21:04]} 28. hxg7 {[%clk 0:08:58]} Ra7
{[%clk 0:20:46]} 29. Re5 {[%clk 0:06:20]} Rxg7 {[%clk 0:20:17]} 30. Rae1
{[%clk 0:06:48]} Rf8 {[%clk 0:20:02]} 31. R1e2 {[%clk 0:01:24]} Qf6
{[%clk 0:13:23]} 32. Kh1 {[%clk 0:00:53]} Be4 {[%clk 0:08:49]} 33. Be6+
{[%clk 0:01:02]} Rff7 {[%clk 0:08:32]} 34. Bxf7+ {[%clk 0:00:37]} Kxf7
{[%clk 0:08:50]} 35. R5xe4 {[%clk 0:00:33]} Qxf3+ {[%clk 0:09:13]} 36. Rg2
{[%clk 0:00:53]} Qxe4 {[%clk 0:09:29]} 0-1

[Event "European Individual Chess Championship 2017"]
[Site "?"]
[Date "2017.06.09"]
[Round "10.68"]
[White "Matinian, Nikita"]
[Black "Kulaots, Kaido"]
[Result "1-0"]
[BlackElo "2597"]
[WhiteElo "2491"]
[LiveChessVersion "1.4.8"]

1. e4 {[%clk 1:27:19]} c5 {[%clk 1:30:47]} 2. Nf3 {[%clk 1:27:44]} Nc6
{[%clk 1:31:11]} 3. Bb5 {[%clk 1:28:08]} g6 {[%clk 1:30:53]} 4. Bxc6
{[%clk 1:27:57]} bxc6 {[%clk 1:30:57]} 5. O-O {[%clk 1:28:23]} Bg7
{[%clk 1:31:21]} 6. Re1 {[%clk 1:28:49]} Nf6 {[%clk 1:30:37]} 7. e5
{[%clk 1:29:12]} Nd5 {[%clk 1:30:57]} 8. c4 {[%clk 1:29:27]} Nc7 {[%clk 1:31:13]}
9. b3 {[%clk 1:29:54]} d6 {[%clk 1:23:12]} 10. Bb2 {[%clk 1:28:52]} Ne6
{[%clk 1:11:24]} 11. Nc3 {[%clk 1:21:09]} O-O {[%clk 1:01:18]} 12. Na4
{[%clk 1:09:47]} dxe5 {[%clk 0:48:16]} 13. Bxe5 {[%clk 1:03:21]} f6
{[%clk 0:47:47]} 14. Bb2 {[%clk 0:47:05]} Re8 {[%clk 0:39:09]} 15. g3
{[%clk 0:29:26]} Bh6 {[%clk 0:25:19]} 16. Ba3 {[%clk 0:24:48]} Ng7
{[%clk 0:09:04]} 17. Bxc5 {[%clk 0:18:04]} e5 {[%clk 0:09:26]} 18. d4
{[%clk 0:03:02]} e4 {[%clk 0:09:08]} 19. Nd2 {[%clk 0:01:55]} f5 {[%clk 0:08:46]}
20. Nf1 {[%clk 0:01:33]} Ne6 {[%clk 0:07:29]} 21. d5 {[%clk 0:01:33]} Nxc5
{[%clk 0:05:02]} 22. Nxc5 {[%clk 0:02:00]} Qa5 {[%clk 0:05:26]} 23. Qd4
{[%clk 0:00:57]} Bg7 {[%clk 0:05:38]} 24. Qe3 {[%clk 0:01:23]} cxd5
{[%clk 0:05:58]} 25. cxd5 {[%clk 0:01:48]} Bxa1 {[%clk 0:03:30]} 26. Rxa1
{[%clk 0:02:15]} Qb6 {[%clk 0:02:19]} 27. Qd4 {[%clk 0:01:00]} Qd6
{[%clk 0:01:51]} 28. Rd1 {[%clk 0:00:47]} Ba6 {[%clk 0:01:01]} 29. Ne3
{[%clk 0:01:12]} Be2 {[%clk 0:00:53]} 30. Rd2 {[%clk 0:01:30]} Rac8
{[%clk 0:01:06]} 31. b4 {[%clk 0:01:53]} Bd3 {[%clk 0:01:13]} 32. a3
{[%clk 0:01:08]} Re7 {[%clk 0:00:58]} 33. Nxd3 {[%clk 0:00:48]} exd3
{[%clk 0:01:22]} 34. Rxd3 {[%clk 0:01:16]} Rec7 {[%clk 0:00:40]} 35. Kg2
{[%clk 0:01:17]} Kf7 {[%clk 0:00:51]} 36. h4 {[%clk 0:01:30]} Qf6
{[%clk 0:00:56]} 37. Qf4 {[%clk 0:01:42]} Rc3 {[%clk 0:01:08]} 38. Rxc3
{[%clk 0:01:57]} Rxc3 {[%clk 0:01:19]} 39. Kh2 {[%clk 0:01:26]} Rd3
{[%clk 0:01:26]} 40. Qb8 {[%clk 0:30:35]} Qd4 {[%clk 0:31:00]} 41. Qc7+
{[%clk 0:30:07]} Kg8 {[%clk 0:23:34]} 42. Qd8+ {[%clk 0:29:07]} Kf7
{[%clk 0:23:54]} 43. Qd7+ {[%clk 0:29:28]} Kg8 {[%clk 0:23:55]} 44. h5
{[%clk 0:23:48]} Qg7 {[%clk 0:23:04]} 45. Qc8+ {[%clk 0:23:12]} Qf8
{[%clk 0:23:16]} 46. Qc4 {[%clk 0:23:08]} Rd2 {[%clk 0:19:32]} 47. d6+
{[%clk 0:23:21]} Qf7 {[%clk 0:19:53]} 48. Qc8+ {[%clk 0:23:42]} Qf8
{[%clk 0:20:20]} 49. d7 {[%clk 0:22:51]} gxh5 {[%clk 0:12:08]} 50. Nxf5
{[%clk 0:21:04]} 1-0

[Event "European Individual Chess Championship 2017"]
[Site "?"]
[Date "2017.06.09"]
[Round "10.69"]
[White "Pantsulaia, Levan"]
[Black "Diermair, Andreas"]
[Result "1/2-1/2"]
[BlackElo "2472"]
[WhiteElo "2594"]
[LiveChessVersion "1.4.8"]

1. c4 {[%clk 1:30:51]} e6 {[%clk 1:29:59]} 2. Nf3 {[%clk 1:30:58]} d5
{[%clk 1:30:04]} 3. g3 {[%clk 1:30:49]} Nf6 {[%clk 1:29:26]} 4. Bg2
{[%clk 1:31:10]} Be7 {[%clk 1:28:39]} 5. O-O {[%clk 1:31:31]} O-O
{[%clk 1:29:01]} 6. Qc2 {[%clk 1:31:33]} c5 {[%clk 1:20:31]} 7. d4
{[%clk 1:29:58]} cxd4 {[%clk 1:20:55]} 8. Nxd4 {[%clk 1:30:22]} e5
{[%clk 1:20:50]} 9. Nf5 {[%clk 1:29:37]} d4 {[%clk 1:21:07]} 10. Nxe7+
{[%clk 1:17:18]} Qxe7 {[%clk 1:21:34]} 11. b4 {[%clk 1:14:43]} Be6
{[%clk 1:21:18]} 12. Nd2 {[%clk 0:50:43]} Rc8 {[%clk 1:15:17]} 13. Rb1
{[%clk 0:34:22]} Rc7 {[%clk 1:10:33]} 14. a3 {[%clk 0:29:40]} Nbd7
{[%clk 1:04:26]} 15. Qd3 {[%clk 0:25:27]} Rd8 {[%clk 0:55:21]} 16. e3
{[%clk 0:16:56]} Nf8 {[%clk 0:36:31]} 17. Bb2 {[%clk 0:15:32]} dxe3
{[%clk 0:34:28]} 18. Qxe3 {[%clk 0:15:55]} Rcd7 {[%clk 0:33:54]} 19. Nf3
{[%clk 0:14:30]} Ng4 {[%clk 0:32:13]} 20. Qc3 {[%clk 0:08:20]} Rd3
{[%clk 0:28:12]} 21. Qc1 {[%clk 0:08:37]} f6 {[%clk 0:27:09]} 22. h3
{[%clk 0:06:51]} Nh6 {[%clk 0:26:55]} 23. Ne1 {[%clk 0:06:43]} R3d7
{[%clk 0:25:48]} 24. c5 {[%clk 0:05:47]} Bf5 {[%clk 0:14:34]} 25. Qc4+
{[%clk 0:05:26]} Be6 {[%clk 0:13:43]} 26. Qc1 {[%clk 0:04:03]} Bf5
{[%clk 0:14:08]} 27. Ra1 {[%clk 0:04:14]} Ne6 {[%clk 0:12:47]} 28. Qc4
{[%clk 0:03:18]} Nf7 {[%clk 0:11:55]} 29. h4 {[%clk 0:02:52]} Nd4
{[%clk 0:09:52]} 30. Bxd4 {[%clk 0:03:02]} Rxd4 {[%clk 0:10:02]} 31. Qb5
{[%clk 0:03:05]} R8d7 {[%clk 0:08:40]} 32. Qa4 {[%clk 0:03:34]} a6
{[%clk 0:06:34]} 33. Nc2 {[%clk 0:04:02]} Rd3 {[%clk 0:05:46]} 34. Ne3
{[%clk 0:04:15]} Be6 {[%clk 0:06:10]} 35. c6 {[%clk 0:03:56]} bxc6
{[%clk 0:06:34]} 36. Qxa6 {[%clk 0:04:05]} Nd8 {[%clk 0:05:19]} 37. Rfd1
{[%clk 0:03:27]} R3d4 {[%clk 0:05:20]} 38. Rdc1 {[%clk 0:02:56]} f5
{[%clk 0:04:38]} 39. Qe2 {[%clk 0:01:56]} Rd2 {[%clk 0:01:17]} 40. Qe1
{[%clk 0:31:48]} e4 {[%clk 0:30:47]} 41. Rd1 {[%clk 0:29:52]} R2d3
{[%clk 0:26:58]} 42. Bf1 {[%clk 0:29:29]} Rxd1 {[%clk 0:18:21]} 43. Rxd1
{[%clk 0:29:47]} Ra7 {[%clk 0:18:44]} 44. Qc3 {[%clk 0:28:38]} Nf7
{[%clk 0:17:55]} 45. Be2 {[%clk 0:23:48]} h6 {[%clk 0:17:00]} 46. Nc2
{[%clk 0:21:07]} f4 {[%clk 0:09:48]} 47. Nd4 {[%clk 0:18:45]} e3 {[%clk 0:08:19]}
48. Nxc6 {[%clk 0:18:10]} exf2+ {[%clk 0:08:39]} 49. Kxf2 {[%clk 0:18:13]} fxg3+
{[%clk 0:08:27]} 50. Qxg3 {[%clk 0:17:17]} Qf6+ {[%clk 0:08:47]} 51. Kg1
{[%clk 0:16:15]} Ra8 {[%clk 0:03:42]} 52. Nd4 {[%clk 0:14:38]} Bd5
{[%clk 0:03:45]} 53. Nb5 {[%clk 0:13:17]} Bb7 {[%clk 0:02:07]} 54. Bc4
{[%clk 0:12:00]} Kh8 {[%clk 0:01:24]} 55. Bxf7 {[%clk 0:05:47]} Qxf7
{[%clk 0:01:45]} 56. Nd6 {[%clk 0:06:08]} Qc7 {[%clk 0:02:05]} 57. Rf1
{[%clk 0:05:33]} Qb6+ {[%clk 0:01:44]} 58. Kh2 {[%clk 0:05:27]} Bd5
{[%clk 0:01:15]} 59. Qe5 {[%clk 0:04:28]} Qc6 {[%clk 0:01:32]} 60. Rf2
{[%clk 0:04:26]} Bg8 {[%clk 0:00:36]} 61. Rg2 {[%clk 0:02:32]} Ra7
{[%clk 0:00:42]} 62. b5 {[%clk 0:01:14]} Qc7 {[%clk 0:00:50]} 63. Rg3
{[%clk 0:00:39]} Ra4 {[%clk 0:00:54]} 64. Kh3 {[%clk 0:00:38]} Qd7+
{[%clk 0:00:59]} 65. Kg2 {[%clk 0:01:08]} Be6 {[%clk 0:00:40]} 66. h5
{[%clk 0:00:48]} Qe7 {[%clk 0:00:49]} 67. Kf2 {[%clk 0:00:32]} Qa7+
{[%clk 0:00:38]} 68. Re3 {[%clk 0:00:41]} Bg8 {[%clk 0:00:44]} 69. Nf5
{[%clk 0:00:32]} Rxa3 {[%clk 0:00:53]} 70. b6 {[%clk 0:01:00]} Ra2+
{[%clk 0:01:21]} 71. Kg3 {[%clk 0:01:20]} Qb7 {[%clk 0:01:24]} 72. Rf3
{[%clk 0:01:49]} Ra6 {[%clk 0:00:43]} 73. Ne7 {[%clk 0:01:16]} Qxb6
{[%clk 0:00:52]} 74. Ng6+ {[%clk 0:01:00]} Kh7 {[%clk 0:01:21]} 1/2-1/2

[Event "European Individual Chess Championship 2017"]
[Site "?"]
[Date "2017.06.09"]
[Round "10.70"]
[White "Teterev, Vitaly"]
[Black "Ponkratov, Pavel"]
[Result "0-1"]
[BlackElo "2590"]
[WhiteElo "2487"]
[LiveChessVersion "1.4.8"]

1. Nf3 c5 2. e4 d6 3. Bc4 Nf6 4. Qe2 Nc6 5. c3 a6 6. Bb3 g6 7. O-O Bg7 8. d4 cxd4
9. cxd4 Bg4 10. Rd1 O-O 11. Nc3 Nd7 12. Be3 e5 13. dxe5 Ndxe5 14. Nd5 Kh8 15. Bb6
Qc8 16. Nf4 g5 17. Nd3 Bxf3 18. gxf3 Qh3 19. Ne1 Nd7 20. Bc7 Be5 21. f4 gxf4 22.
Kh1 Nd4 23. Rxd4 f3 24. Nxf3 Rg8 0-1

[Event "European Individual Chess Championship 2017"]
[Site "?"]
[Date "2017.06.09"]
[Round "10.71"]
[White "Schreiner, Peter"]
[Black "Potkin, Vladimir"]
[Result "0-1"]
[BlackElo "2588"]
[WhiteElo "2483"]
[LiveChessVersion "1.4.8"]

1. Nf3 {[%clk 1:29:09]} d5 {[%clk 1:30:30]} 2. g3 {[%clk 1:29:27]} c6
{[%clk 1:29:53]} 3. Bg2 {[%clk 1:29:40]} Bf5 {[%clk 1:29:21]} 4. O-O
{[%clk 1:28:54]} e6 {[%clk 1:29:25]} 5. c4 {[%clk 1:27:14]} Nf6 {[%clk 1:27:35]}
6. cxd5 {[%clk 1:23:32]} exd5 {[%clk 1:27:38]} 7. d3 {[%clk 1:23:34]} Bc5
{[%clk 1:28:00]} 8. Qc2 {[%clk 1:16:51]} Nbd7 {[%clk 1:27:25]} 9. Nc3
{[%clk 1:14:45]} O-O {[%clk 1:26:33]} 10. Na4 {[%clk 1:10:06]} Be7
{[%clk 1:12:52]} 11. Nc3 {[%clk 1:06:21]} h6 {[%clk 1:10:58]} 12. e4
{[%clk 0:58:24]} Bh7 {[%clk 1:04:08]} 13. Bf4 {[%clk 0:45:38]} Nc5
{[%clk 0:55:29]} 14. Rad1 {[%clk 0:43:47]} Ne6 {[%clk 0:46:23]} 15. Bc1
{[%clk 0:42:51]} Qa5 {[%clk 0:44:41]} 16. a3 {[%clk 0:37:08]} Rad8
{[%clk 0:44:19]} 17. b4 {[%clk 0:32:54]} Qb6 {[%clk 0:42:44]} 18. e5
{[%clk 0:21:17]} Nd7 {[%clk 0:42:52]} 19. Rfe1 {[%clk 0:21:09]} a5
{[%clk 0:31:43]} 20. Bd2 {[%clk 0:16:14]} axb4 {[%clk 0:30:59]} 21. axb4
{[%clk 0:16:43]} Ra8 {[%clk 0:23:31]} 22. Ne2 {[%clk 0:12:34]} Bxb4
{[%clk 0:12:46]} 23. Rb1 {[%clk 0:11:28]} c5 {[%clk 0:13:14]} 24. Bxb4
{[%clk 0:08:56]} cxb4 {[%clk 0:13:42]} 25. Qd2 {[%clk 0:07:12]} Ra4
{[%clk 0:12:57]} 26. Nf4 {[%clk 0:04:58]} Nxf4 {[%clk 0:13:13]} 27. Qxf4
{[%clk 0:05:19]} Bxd3 {[%clk 0:11:53]} 28. Rbd1 {[%clk 0:05:05]} Be4
{[%clk 0:11:08]} 29. Nd4 {[%clk 0:04:55]} Bxg2 {[%clk 0:10:11]} 30. Kxg2
{[%clk 0:04:57]} b3 {[%clk 0:10:35]} 31. Rd2 {[%clk 0:00:58]} Nc5
{[%clk 0:08:51]} 32. Qe3 {[%clk 0:01:26]} Ne4 {[%clk 0:08:55]} 33. Rd3
{[%clk 0:01:30]} b2 {[%clk 0:08:12]} 34. Rb1 {[%clk 0:01:51]} Ra1
{[%clk 0:06:07]} 35. Rdd1 {[%clk 0:01:16]} Rfa8 {[%clk 0:05:53]} 36. Qd3
{[%clk 0:00:33]} R8a3 {[%clk 0:05:35]} 37. Qc2 {[%clk 0:00:39]} Rxb1
{[%clk 0:04:46]} 38. Qc8+ {[%clk 0:01:01]} Kh7 {[%clk 0:05:12]} 39. Rxb1
{[%clk 0:01:08]} Ra2 {[%clk 0:03:49]} 40. f3 {[%clk 0:30:51]} Nc5
{[%clk 0:31:28]} 41. g4 {[%clk 0:19:25]} Nd3 {[%clk 0:26:05]} 42. e6
{[%clk 0:13:13]} Qxd4 {[%clk 0:24:09]} 0-1

[Event "European Individual Chess Championship 2017"]
[Site "?"]
[Date "2017.06.09"]
[Round "10.72"]
[White "Gabuzyan, Hovhannes"]
[Black "Kharchenko, Boris"]
[Result "1/2-1/2"]
[BlackElo "2468"]
[WhiteElo "2570"]
[LiveChessVersion "1.4.8"]

1. Nf3 {[%clk 1:27:59]} d5 {[%clk 1:28:12]} 2. g3 {[%clk 1:28:24]} Nf6
{[%clk 1:28:29]} 3. Bg2 {[%clk 1:28:50]} e6 {[%clk 1:28:38]} 4. O-O
{[%clk 1:29:15]} Be7 {[%clk 1:29:04]} 5. d3 {[%clk 1:29:40]} O-O {[%clk 1:29:01]}
6. Nbd2 {[%clk 1:30:03]} Nc6 {[%clk 1:28:26]} 7. d4 {[%clk 1:30:01]} Ne4
{[%clk 1:27:31]} 8. c3 {[%clk 1:29:21]} f5 {[%clk 1:26:19]} 9. Nb3
{[%clk 1:29:16]} b6 {[%clk 1:14:16]} 10. Bf4 {[%clk 1:29:13]} g5 {[%clk 1:13:37]}
11. Ne5 {[%clk 1:28:43]} Bb7 {[%clk 1:09:10]} 12. Nxc6 {[%clk 1:29:02]} Bxc6
{[%clk 1:09:38]} 13. Be5 {[%clk 1:29:28]} Nd6 {[%clk 0:59:01]} 14. Nc1
{[%clk 1:29:56]} Nf7 {[%clk 0:56:46]} 15. Nd3 {[%clk 1:30:01]} Bb5
{[%clk 0:56:16]} 16. a4 {[%clk 1:29:47]} Ba6 {[%clk 0:55:54]} 17. b4
{[%clk 1:29:11]} c6 {[%clk 0:51:47]} 18. Re1 {[%clk 1:27:06]} Qd7
{[%clk 0:48:58]} 19. Qd2 {[%clk 1:26:49]} Rac8 {[%clk 0:45:46]} 20. Qe3
{[%clk 1:25:37]} Rfe8 {[%clk 0:40:36]} 21. Bf3 {[%clk 1:23:52]} Bxd3
{[%clk 0:39:29]} 22. exd3 {[%clk 1:22:47]} Nxe5 {[%clk 0:39:48]} 23. Qxe5
{[%clk 1:22:55]} Bd6 {[%clk 0:39:19]} 24. Qe3 {[%clk 1:20:29]} Qg7
{[%clk 0:38:04]} 25. b5 {[%clk 1:14:26]} g4 {[%clk 0:33:05]} 26. Bg2
{[%clk 1:13:47]} c5 {[%clk 0:33:06]} 27. dxc5 {[%clk 1:13:06]} Bxc5
{[%clk 0:29:48]} 28. d4 {[%clk 1:12:45]} Bd6 {[%clk 0:30:09]} 29. f4
{[%clk 1:13:04]} gxf3 {[%clk 0:25:31]} 30. Qxf3 {[%clk 1:12:48]} Kh8
{[%clk 0:15:36]} 31. Kh1 {[%clk 1:12:35]} Qh6 {[%clk 0:13:11]} 32. a5
{[%clk 1:08:04]} Rg8 {[%clk 0:11:18]} 33. Qe3 {[%clk 1:08:25]} Rg6
{[%clk 0:11:19]} 34. Qxh6 {[%clk 1:07:41]} Rxh6 {[%clk 0:11:47]} 35. axb6
{[%clk 1:06:55]} axb6 {[%clk 0:12:16]} 36. Kg1 {[%clk 1:07:13]} f4
{[%clk 0:05:52]} 37. Ra6 {[%clk 1:06:39]} fxg3 {[%clk 0:05:28]} 38. Rxb6
{[%clk 1:07:04]} gxh2+ {[%clk 0:05:20]} 39. Kh1 {[%clk 1:07:10]} Bf4
{[%clk 0:04:10]} 40. Rf1 {[%clk 1:35:25]} Rg8 {[%clk 0:31:13]} 41. Rxf4
{[%clk 1:26:48]} Rxg2 {[%clk 0:31:35]} 42. Rb8+ {[%clk 1:27:06]} Kg7
{[%clk 0:29:11]} 43. Rb7+ {[%clk 1:27:32]} Kg8 {[%clk 0:14:57]} 44. Rb8+
{[%clk 1:27:56]} Kg7 {[%clk 0:15:19]} 45. Rb7+ {[%clk 1:28:24]} Kg8 1/2-1/2

[Event "European Individual Chess Championship 2017"]
[Site "?"]
[Date "2017.06.09"]
[Round "10.73"]
[White "Kantans, Toms"]
[Black "Santos Latasa, Jaime"]
[Result "1-0"]
[BlackElo "2567"]
[WhiteElo "2473"]
[LiveChessVersion "1.4.8"]

1. e4 {[%clk 1:30:57]} c5 {[%clk 1:30:51]} 2. Nf3 {[%clk 1:31:22]} d6
{[%clk 1:31:17]} 3. Bb5+ {[%clk 1:31:44]} Nd7 {[%clk 1:31:42]} 4. d4
{[%clk 1:32:08]} cxd4 {[%clk 1:32:09]} 5. Qxd4 {[%clk 1:32:31]} a6
{[%clk 1:32:34]} 6. Bxd7+ {[%clk 1:32:55]} Bxd7 {[%clk 1:33:01]} 7. O-O
{[%clk 1:32:56]} Rc8 {[%clk 1:32:54]} 8. c4 {[%clk 1:32:29]} Nf6 {[%clk 1:32:59]}
9. Nc3 {[%clk 1:24:28]} g6 {[%clk 1:32:39]} 10. e5 {[%clk 1:18:35]} dxe5
{[%clk 1:32:10]} 11. Nxe5 {[%clk 1:19:00]} Be6 {[%clk 1:30:48]} 12. Qh4
{[%clk 1:10:33]} Bg7 {[%clk 1:30:42]} 13. Bh6 {[%clk 1:10:26]} O-O
{[%clk 1:31:04]} 14. Bxg7 {[%clk 1:10:02]} Kxg7 {[%clk 1:31:28]} 15. Rfe1
{[%clk 1:01:20]} Qb6 {[%clk 1:24:21]} 16. b3 {[%clk 1:01:41]} Rfd8
{[%clk 1:24:43]} 17. Ne4 {[%clk 0:56:42]} Nxe4 {[%clk 1:16:38]} 18. Rxe4
{[%clk 0:56:55]} Bf5 {[%clk 1:15:17]} 19. Re3 {[%clk 0:51:04]} Qf6
{[%clk 1:13:08]} 20. Qf4 {[%clk 0:48:05]} Be6 {[%clk 1:08:07]} 21. Qg3
{[%clk 0:40:25]} Rd4 {[%clk 1:06:00]} 22. Rae1 {[%clk 0:38:23]} Rcd8
{[%clk 1:04:16]} 23. h3 {[%clk 0:34:52]} Rd1 {[%clk 1:00:53]} 24. a4
{[%clk 0:33:20]} Qf5 {[%clk 0:57:31]} 25. Rxd1 {[%clk 0:28:57]} Rxd1+
{[%clk 0:57:52]} 26. Kh2 {[%clk 0:29:22]} Qb1 {[%clk 0:54:51]} 27. Qh4
{[%clk 0:24:23]} h6 {[%clk 0:51:30]} 28. Qxe7 {[%clk 0:14:54]} Rh1+
{[%clk 0:51:30]} 29. Kg3 {[%clk 0:15:23]} Qg1 {[%clk 0:43:49]} 30. Ng4
{[%clk 0:15:45]} Bxg4 {[%clk 0:43:42]} 31. hxg4 {[%clk 0:14:32]} Rh2
{[%clk 0:43:03]} 32. Qe5+ {[%clk 0:14:26]} Kg8 {[%clk 0:41:56]} 33. Qd5
{[%clk 0:14:51]} Kf8 {[%clk 0:42:00]} 34. Qd8+ {[%clk 0:15:10]} Kg7
{[%clk 0:42:22]} 35. Qd4+ {[%clk 0:15:36]} Kh7 {[%clk 0:42:46]} 36. Qd5
{[%clk 0:16:00]} Kg7 {[%clk 0:43:08]} 37. Re7 {[%clk 0:16:10]} 1-0